[Event "TUR-chT 2nd League"]
[Site "Denizli"]
[Date "2024.07.17"]
[Round "3.9"]
[White "Ipek, Ekin"]
[Black "Boz, Fatih Emre"]
[Result "1-0"]
[WhiteElo "1874"]
[BlackElo "1828"]
[PlyCount "36"]
[EventDate "2024.07.15"]
[EventType "team-swiss"]
[EventRounds "9"]
[EventCountry "TUR"]
[SourceTitle "EXT 2025"]
[Source "ChessBase"]
[SourceDate "2024.10.14"]
[SourceVersion "1"]
[SourceVersionDate "2024.10.14"]
[SourceQuality "1"]
[WhiteTeam "Trabzon Feda"]
[BlackTeam "Denizli Ihtisas"]
[WhiteTeamCountry "TUR"]
[BlackTeamCountry "TUR"]

1. d4 Nf6 2. Nc3 d5 3. Bf4 c6 4. e3 Bf5 5. Bd3 Bxd3 6. Qxd3 Nbd7 7. Nf3 Nh5 8. Bg3 Nxg3 9. hxg3 g6 10. e4 dxe4 11. Nxe4 Bg7 12. 0-0-0 Qa5 13. Kb1 h6 14. g4 0-0-0 15. g5 h5 16. Rhe1 Rhf8 17. Re3 Kb8 18. Qe2 e5 1-0

[Event "TUR-chT 2nd League"]
[Site "Konya"]
[Date "2022.08.27"]
[Round "8.10"]
[White "Yanikoglu, Omer"]
[Black "Boz, Fatih Emre"]
[Result "1/2-1/2"]
[WhiteElo "1589"]
[BlackElo "1797"]
[PlyCount "170"]
[EventDate "2022.08.22"]
[EventType "team-swiss"]
[EventRounds "9"]
[EventCountry "TUR"]
[SourceTitle "CBM 210 Extra"]
[Source "ChessBase"]
[SourceDate "2022.11.30"]
[SourceVersion "1"]
[SourceVersionDate "2022.11.30"]
[SourceQuality "1"]
[WhiteTeam "Gulbahcesi Egitim"]
[BlackTeam "Denizli Ihtisas"]
[WhiteTeamCountry "TUR"]
[BlackTeamCountry "TUR"]

1. Nf3 c5 2. b3 Nf6 3. Bb2 e6 4. e3 Be7 5. Be2 0-0 6. 0-0 b6 7. d4 Bb7 8. Nbd2 d6 9. c4 Nbd7 10. Rc1 Rc8 11. Qc2 Re8 12. Rfd1 Qc7 13. h3 Qb8 14. Qb1 Qa8 15. Bd3 h6 16. Ba1 Red8 17. Ne1 cxd4 18. Bxd4 e5 19. Bb2 e4 20. Be2 Nc5 21. Nf1 a5 22. Ng3 Ne8 23. Nf5 Bf8 24. Nc2 Nd3 25. Na3 Nxc1 26. Qxc1 Rc5 27. g4 d5 28. Qc3 Rc6 29. Nd4 Rg6 30. Nab5 Rc8 31. Nf5 Qb8 32. Qe5 Qxe5 33. Bxe5 Rd8 34. Nbd4 Nd6 35. Nh4 Rg5 36. Bf4 g6 37. Bxg5 hxg5 38. Ng2 a4 39. cxd5 Bxd5 40. Rc1 axb3 41. axb3 Ra8 42. Ne1 Nb7 43. Rb1 Nc5 44. Bc4 Bb7 45. Nec2 Nd7 46. Ra1 Rxa1+ 47. Nxa1 Ne5 48. Bb5 Bc8 49. Nac2 f5 50. Be2 fxg4 51. hxg4 Nxg4 52. Nb5 Ne5 53. Ncd4 Kh7 54. Kg2 Kh6 55. Kg3 Bb4 56. Nc7 Be1 57. Nd5 Nd3 58. Nxb6 Bxf2+ 59. Kg2 Bxe3 60. Nxc8 Nf4+ 61. Kf1 Bxd4 62. Nd6 e3 63. Nf7+ Kg7 64. Nxg5 Kf6 65. Nf3 Bc5 66. Ne1 Ne6 67. Nd3 Bb6 68. b4 Nd4 69. Nc5 Kg5 70. Bd3 Kh5 71. Nd7 Bc7 72. b5 g5 73. b6 Bf4 74. b7 Kg4 75. Kg2 e2 76. Bxe2+ Nxe2 77. b8Q Bxb8 78. Nxb8 Nf4+ 79. Kf1 Kh3 80. Nc6 g4 81. Ne5 g3 82. Nf3 g2+ 83. Kf2 Nd3+ 84. Kg1 Kg3 85. Ne1 Nxe1 1/2-1/2

[Event "TUR-chT 2nd League"]
[Site "Konya"]
[Date "2018.07.22"]
[Round "9.4"]
[White "Boz, Fatih Emre"]
[Black "Demir, Baran"]
[Result "0-1"]
[WhiteElo "1803"]
[BlackElo "1929"]
[PlyCount "56"]
[EventDate "2018.07.16"]
[EventType "team-swiss"]
[EventRounds "9"]
[EventCountry "TUR"]
[SourceTitle "EXT 2019"]
[Source "ChessBase"]
[SourceDate "2018.10.10"]
[SourceVersion "1"]
[SourceVersionDate "2018.10.10"]
[SourceQuality "1"]
[WhiteTeam "Denizli Ihtisas"]
[BlackTeam "Yalova Belediye"]
[WhiteTeamCountry "TUR"]
[BlackTeamCountry "TUR"]

1. e4 c6 2. d4 d5 3. Nc3 b5 4. a3 dxe4 5. Nxe4 Nf6 6. Nxf6+ exf6 7. c3 Bd6 8. Bd3 0-0 9. Qc2 Re8+ 10. Ne2 g6 11. 0-0 f5 12. f4 Be6 13. Kh1 Nd7 14. Be3 Nf6 15. Ng3 Ng4 16. Bg1 Qh4 17. c4 Rac8 18. cxb5 c5 19. d5 Bxd5 20. Bc4 Ba8 21. Rad1 Rcd8 22. Rd3 Re4 23. Nxe4 Bxe4 24. Qe2 g5 25. Rxd6 Rxd6 26. fxg5 Qxg5 27. Bxf7+ Kg7 28. Bxc5 Rd2 0-1

[Event "TUR-chT 2nd League"]
[Site "Konya"]
[Date "2018.07.20"]
[Round "7.4"]
[White "Baylav, Bartu"]
[Black "Boz, Fatih Emre"]
[Result "0-1"]
[WhiteElo "1781"]
[BlackElo "1803"]
[PlyCount "76"]
[EventDate "2018.07.16"]
[EventType "team-swiss"]
[EventRounds "9"]
[EventCountry "TUR"]
[SourceTitle "EXT 2019"]
[Source "ChessBase"]
[SourceDate "2018.10.10"]
[SourceVersion "1"]
[SourceVersionDate "2018.10.10"]
[SourceQuality "1"]
[WhiteTeam "Kocaeli Buyuksehir Belediyesi"]
[BlackTeam "Denizli Ihtisas"]
[WhiteTeamCountry "TUR"]
[BlackTeamCountry "TUR"]

1. d4 Nf6 2. c4 g6 3. Nc3 Bg7 4. e4 d6 5. f3 0-0 6. Be3 c6 7. Qd2 a6 8. g4 b5 9. Bh6 e5 10. Bxg7 Kxg7 11. d5 b4 12. Nce2 cxd5 13. cxd5 Qb6 14. Nc1 a5 15. Qf2 Qxf2+ 16. Kxf2 Bb7 17. Bd3 Nfd7 18. Nge2 Nc5 19. Ke3 Rc8 20. h4 Nbd7 21. a3 Nb6 22. axb4 axb4 23. Rxa8 Rxa8 24. h5 Ra1 25. Rh2 b3 26. hxg6 hxg6 27. Kd2 Nba4 28. Bc4 Rb1 29. Nd3 Nxd3 30. Bxd3 Rxb2+ 31. Ke3 Nc5 32. Bb5 Ba6 33. Bxa6 Nxa6 34. Rh1 Rc2 35. Ra1 b2 36. Rb1 Nc5 37. Nc3 Rxc3+ 38. Kd2 Rxf3 0-1

[Event "TUR-chT 2nd League"]
[Site "Konya"]
[Date "2017.07.21"]
[Round "7.11"]
[White "Yavuz, Efe Metehan"]
[Black "Boz, Fatih Emre"]
[Result "1-0"]
[WhiteElo "1707"]
[BlackElo "1712"]
[PlyCount "62"]
[EventDate "2017.07.17"]
[EventType "team-swiss"]
[EventRounds "9"]
[EventCountry "TUR"]
[SourceTitle "CBM 179 Extra"]
[Source "ChessBase"]
[SourceDate "2017.08.23"]
[SourceVersion "1"]
[SourceVersionDate "2017.08.23"]
[SourceQuality "1"]
[WhiteTeam "Bolu Koroglu"]
[BlackTeam "Denizli Ihtisas"]
[WhiteTeamCountry "TUR"]
[BlackTeamCountry "TUR"]

1. e4 c5 2. Nf3 d6 3. d4 cxd4 4. Nxd4 Nf6 5. Nc3 a6 6. Bg5 Nbd7 7. f4 Qc7 8. Qf3 h6 9. Bh4 g5 10. fxg5 hxg5 11. Bxg5 Qc5 12. Bxf6 Nxf6 13. Nb3 Qe5 14. Be2 Bh6 15. h3 Bf4 16. Rf1 Bg3+ 17. Kd1 b5 18. Nd5 Bb7 19. Nc7+ Kf8 20. Nxa8 Bxe4 21. Qc3 Qxc3 22. bxc3 Bxa8 23. Bf3 Ne4 24. Nd4 Nxc3+ 25. Kd2 Ne4+ 26. Ke3 d5 27. Bxe4 dxe4 28. a4 b4 29. Nb3 Bd6 30. Rf5 Rg8 31. g4 Rh8 1-0

[Event "TUR-chT 2nd League"]
[Site "Konya"]
[Date "2017.07.18"]
[Round "2.12"]
[White "Mut, Emir"]
[Black "Boz, Fatih Emre"]
[Result "0-1"]
[WhiteElo "1461"]
[BlackElo "1712"]
[PlyCount "69"]
[EventDate "2017.07.17"]
[EventType "team-swiss"]
[EventRounds "9"]
[EventCountry "TUR"]
[SourceTitle "CBM 179 Extra"]
[Source "ChessBase"]
[SourceDate "2017.08.23"]
[SourceVersion "1"]
[SourceVersionDate "2017.08.23"]
[SourceQuality "1"]
[WhiteTeam "Mersin Zeka"]
[BlackTeam "Denizli Ihtisas"]
[WhiteTeamCountry "TUR"]
[BlackTeamCountry "TUR"]

1. c4 g6 2. Nc3 Bg7 3. g3 c5 4. Bg2 Nc6 5. e3 e6 6. Nge2 Nge7 7. d4 cxd4 8. exd4 d5 9. cxd5 Nxd5 10. Nxd5 exd5 11. h3 0-0 12. 0-0 Qb6 13. g4 Be6 14. Kh1 Kh8 15. a4 Na5 16. b4 Nc4 17. b5 f5 18. Nf4 Bg8 19. Nxd5 Qxd4 20. Qxd4 Bxd4 21. Rb1 Rad8 22. Bh6 Bg7 23. Bxg7+ Kxg7 24. Rb4 Bxd5 25. Bxd5 Nd2 26. Bg2 Nxf1 27. Bxf1 fxg4 28. Rxg4 Rxf2 29. Kg1 Rfd2 30. Re4 Rd1 31. h4 Ra1 32. Rf4 g5 33. hxg5 Kg6 34. Kf2 Kxg5 35. Kg3 0-1

[Event "TUR-chT 2nd League"]
[Site "Konya"]
[Date "2017.07.17"]
[Round "1.10"]
[White "Boz, Fatih Emre"]
[Black "Ertas, Deniz"]
[Result "1-0"]
[WhiteElo "1712"]
[BlackElo "1799"]
[PlyCount "129"]
[EventDate "2017.07.17"]
[EventType "team-swiss"]
[EventRounds "9"]
[EventCountry "TUR"]
[SourceTitle "CBM 179 Extra"]
[Source "ChessBase"]
[SourceDate "2017.08.23"]
[SourceVersion "1"]
[SourceVersionDate "2017.08.23"]
[SourceQuality "1"]
[WhiteTeam "Denizli Ihtisas"]
[BlackTeam "Bursa Nida"]
[WhiteTeamCountry "TUR"]
[BlackTeamCountry "TUR"]

1. e4 d5 2. exd5 Qxd5 3. Nc3 Qa5 4. d4 Nf6 5. Nf3 Bg4 6. h3 Bh5 7. Bc4 Nc6 8. Bb5 0-0-0 9. Bxc6 bxc6 10. g4 Bg6 11. Ne5 Kb7 12. b4 Qb6 13. Be3 Nd5 14. Nxd5 cxd5 15. c3 e6 16. a4 f6 17. Nxg6 hxg6 18. Qd3 Qc6 19. Kd2 g5 20. b5 Qc4 21. Qg6 e5 22. dxe5 Bc5 23. Qd3 Qxd3+ 24. Kxd3 Bxe3 25. fxe3 fxe5 26. Raf1 Rhf8 27. Rxf8 Rxf8 28. h4 gxh4 29. Rxh4 c5 30. Rh5 c4+ 31. Ke2 Re8 32. Rg5 Re7 33. Rg6 d4 34. e4 d3+ 35. Kd2 Rf7 36. a5 Rf2+ 37. Kd1 Rf1+ 38. Kd2 Rf2+ 39. Kd1 Rc2 40. Rxg7+ Kb8 41. a6 Rxc3 42. Rb7+ Ka8 43. g5 Rb3 44. Rd7 Kb8 45. g6 Rb1+ 46. Kd2 Rg1 47. g7 Rg2+ 48. Kc3 d2 49. Rxd2 Rxg7 50. Kxc4 Rc7+ 51. Kb4 Re7 52. Kc5 Kc7 53. Rd6 Re8 54. Rh6 Rd8 55. Rh7+ Kb8 56. Re7 Rd1 57. Rxe5 Rc1+ 58. Kd6 Rd1+ 59. Rd5 Rb1 60. e5 Ka8 61. Ke7 Kb8 62. Kd7 Ka8 63. e6 Rxb5 64. e7 Rxd5+ 65. Ke6 1-0

[Event "Troya op 23rd"]
[Site "Canakkale"]
[Date "2015.08.13"]
[Round "7"]
[White "Boz, Fatih Emre"]
[Black "Demirbas, Fatih"]
[Result "0-1"]
[WhiteElo "1745"]
[BlackElo "1714"]
[PlyCount "171"]
[EventDate "2015.08.08"]
[EventType "swiss"]
[EventRounds "9"]
[EventCountry "TUR"]
[SourceTitle "CBM 167 Extra"]
[Source "ChessBase"]
[SourceDate "2015.09.14"]
[SourceVersion "1"]
[SourceVersionDate "2015.09.14"]
[SourceQuality "1"]

1. e4 d6 2. d4 Nf6 3. Nc3 e5 4. Nf3 Nbd7 5. Bc4 Be7 6. 0-0 h6 7. a4 0-0 8. h3 c6 9. Re1 Re8 10. Ba2 Bf8 11. Be3 g5 12. dxe5 dxe5 13. Qe2 Qc7 14. Nd2 Nc5 15. Qf3 Kg7 16. Rad1 Be6 17. Bxe6 Nxe6 18. Nf1 Nf4 19. Ng3 Re6 20. Nf5+ Kh7 21. Kh2 h5 22. g4 h4 23. Ne2 Qa5 24. Bxf4 exf4 25. Ned4 Qxa4 26. Nxe6 fxe6 27. Nd4 e5 28. Qb3 Qxb3 29. Nxb3 a5 30. f3 b5 31. Rd3 a4 32. Nc1 Kg7 33. Red1 Be7 34. Rc3 Ra6 35. Nd3 b4 36. Rc4 a3 37. bxa3 bxa3 38. Ra1 Nd7 39. Rd1 Kf6 40. Nb4 Bxb4 41. Rxb4 Nb6 42. Ra1 Ke6 43. Rb3 Nc4 44. Rc3 Ra4 45. Ra2 Kd6 46. Kg1 Kc5 47. Kf2 Kb5 48. Ke2 c5 49. Rb3+ Rb4 50. Kd3 Nb2+ 51. Kc3 Nd1+ 52. Kd2 Nb2 53. Raxa3 Nc4+ 54. Kc3 Nxa3 55. Rxa3 Rc4+ 56. Kd2 Rd4+ 57. Ke2 Rb4 58. Ra8 Kc4 59. Rg8 Kc3 60. Rxg5 Kxc2 61. Rxe5 c4 62. g5 c3 63. Rc5 Kb2 64. Kd3 Rb8 65. e5 Rd8+ 66. Ke4 c2 67. Kxf4 Kb3 68. Rxc2 Kxc2 69. Kg4 Kd3 70. g6 Ke3 71. Kxh4 Kf4 72. g7 Rg8 73. Kh5 Rxg7 74. Kh6 Re7 75. h4 Kf5 76. f4 Rf7 77. h5 Re7 78. e6 Kxe6 79. Kg6 Ra7 80. h6 Ra1 81. f5+ Ke7 82. f6+ Ke6 83. f7 Rg1+ 84. Kh7 Kxf7 85. Kh8 Rh1 86. Kh7 0-1